[Event "FRA-chT2S 0203"]
[Site "France"]
[Date "2003.??.??"]
[Round "7.8"]
[White "Lebrun, Benoit"]
[Black "Francois, Gilles"]
[Result "1-0"]
[WhiteElo "2207"]
[BlackElo "2103"]
[PlyCount "65"]
[EventDate "2002.10.??"]
[EventType "team"]
[EventRounds "11"]
[EventCountry "FRA"]
[SourceTitle "EXT 2004"]
[Source "ChessBase"]
[SourceDate "2003.11.25"]
[SourceVersion "1"]
[SourceVersionDate "2003.11.25"]
[SourceQuality "1"]
[WhiteTeam "Maromme"]
[BlackTeam "Cergy Pontoise"]
[WhiteTeamCountry "FRA"]
[BlackTeamCountry "FRA"]

1. e4 c5 2. Nc3 Nc6 3. g3 g6 4. Bg2 Bg7 5. d3 d6 6. Be3 e6 7. Qd2 Nge7 8. Bh6 0-0 9. h4 f6 10. Bxg7 Kxg7 11. Nce2 Rb8 12. c3 b5 13. Nh3 b4 14. 0-0 e5 15. f4 Bxh3 16. Bxh3 f5 17. g4 Kh8 18. Qe3 Rb7 19. Rf2 Ng8 20. gxf5 gxf5 21. Bxf5 Rg7+ 22. Kh1 Qxh4+ 23. Rh2 exf4 24. Nxf4 Qe7 25. Ng6+ Rxg6 26. Bxg6 Nf6 27. Rg1 Ne5 28. Bf5 bxc3 29. bxc3 Qb7 30. Rhg2 Rg8 31. Rxg8+ Nxg8 32. Be6 Nf6 33. Qg5 1-0